Efectos sobre la salud de las exposiciones combinadas en el medio de trabajo. Informe de un Comite de Expertos de la OMS (Registro nro. 2056)
[ vista simple ]
| 000 -LEADER | |
|---|---|
| fixed length control field | 00913nam a2200265 a 4500 |
| 003 - CONTROL NUMBER IDENTIFIER | |
| control field | OSt |
| 005 - FECHA ULTIMA MODIFICACION | |
| control field | 20131108165614.0 |
| 008 - FIXED-LENGTH DATA ELEMENTS--GENERAL INFORMATION | |
| fixed length control field | 131108s1981 sz ||||| |||| 00| 0 spa d |
| 020 ## - INTERNATIONAL STANDARD BOOK NUMBER | |
| International Standard Book Number | 92-4-320662-1 |
| 040 ## - CATALOGING SOURCE | |
| Transcribing agency | Biblioteca Medicina |
| 041 ## - LANGUAGE CODE | |
| Language code of text/sound track or separate title | spa |
| 082 ## - DEWEY DECIMAL CLASSIFICATION NUMBER | |
| Classification number | OMS Wa 400 |
| 110 ## - MAIN ENTRY--CORPORATE NAME | |
| Corporate name or jurisdiction name as entry element | Organizacion Mundial de la Salud |
| 9 (RLIN) | 1006 |
| 245 00 - TITLE STATEMENT | |
| Title | Efectos sobre la salud de las exposiciones combinadas en el medio de trabajo. Informe de un Comite de Expertos de la OMS |
| 250 ## - EDITION STATEMENT | |
| Edition statement | 1° ed. |
| 260 ## - PUBLICATION, DISTRIBUTION, ETC. (IMPRINT) | |
| Place of publication, distribution, etc | Ginebra |
| Name of publisher, distributor, etc | Organizacion Mundial de la Salud |
| Date of publication, distribution, etc | 1981 |
| 300 ## - PHYSICAL DESCRIPTION | |
| Extent | 84 p. |
| 440 00 - SERIES STATEMENT/ADDED ENTRY--TITLE | |
| Title | Informes Tecnicos |
| Number of part/section of a work | 662 |
| 9 (RLIN) | 2838 |
| 653 ## - INDEX TERM--UNCONTROLLED | |
| Uncontrolled term | EXPOSICION A RIESGOS AMBIENTALES |
| 653 ## - INDEX TERM--UNCONTROLLED | |
| Uncontrolled term | EXPOSICION PROFESIONAL |
| 653 ## - INDEX TERM--UNCONTROLLED | |
| Uncontrolled term | EXPOSICION OCUPACIONAL |
| 653 ## - INDEX TERM--UNCONTROLLED | |
| Uncontrolled term | SUSTANCIAS PELIGROSAS |
| 942 ## - ADDED ENTRY ELEMENTS (KOHA) | |
| Source of classification or shelving scheme | Dewey Decimal Classification |
| Koha item type | Hemeroteca |
| Withdrawn status | Lost status | Fuente de clasificación | Damaged status | Not for loan | Colección | Ubicación permanente | Ubicación actual | Sala de ubicación | Fecha de adquisición | Total Checkouts | Número de clasificación | Código de barras | Date last seen | Número de ejemplar | Price effective from | Koha tipo de elemento (item) |
|---|---|---|---|---|---|---|---|---|---|---|---|---|---|---|---|---|
| Dewey Decimal Classification | Non-fiction | Biblioteca Medicina | Biblioteca Medicina | Circulación | 08/11/2013 | OMS Wa 400 | H0307 | 06/11/2014 | Ej. 1 | 08/11/2013 | Hemeroteca |